[Event "Deutsche Ländermeisterschaft 2021"]
[Site "Neumünster GER"]
[Date "2021.10.02"]
[Round "1"]
[White "Reinecke, Katharina"]
[Black "Fuhrmann, Bahne"]
[Result "1-0"]
[Termination "normal"]
[Board "4.5"]
[WhiteElo "1945"]
[BlackElo "1820"]
[WhiteClock "00:02:33"]
[BlackClock "00:14:17"]
[WhiteTeam "Hessen"]
[BlackTeam "Hamburg"]
[PlyCount "187"]
[WhiteFideId "12929727"]
[BlackFideId "16244842"]
[EventCountry "GER"]
[EventRounds "7"]
[EventType "team-swiss"]
[EventDate "2021.10.01"]

1. d4 {[%clk 1:30:57]} Nf6 {[%clk 1:30:55]} 2. c4 {[%clk 1:31:21]} g6 {[%clk
1:31:20]} 3. Nc3 {[%clk 1:31:46]} Bg7 {[%clk 1:31:43]} 4. e4 {[%clk 1:32:10]}
d6 {[%clk 1:32:10]} 5. Be2 {[%clk 1:32:30]} O-O {[%clk 1:32:31]} 6. Be3 {[%clk
1:32:41]} c5 {[%clk 1:30:47]} 7. e5 {[%clk 1:29:43]} Nfd7 {[%clk 1:28:08]} 8.
exd6 {[%clk 1:20:38]} exd6 {[%clk 1:28:19]} 9. Nf3 {[%clk 1:12:40]} Nc6 {[%clk
1:21:41]} 10. O-O {[%clk 1:03:11]} Ne7 {[%clk 1:14:54]} 11. Nb5 {[%clk
0:56:45]} Nf5 {[%clk 1:13:53]} 12. Bf4 {[%clk 0:50:39]} cxd4 {[%clk 1:09:48]}
13. Nfxd4 {[%clk 0:39:21]} Nxd4 {[%clk 1:04:51]} 14. Nxd4 {[%clk 0:39:32]} Qh4
{[%clk 1:01:41]} 15. g3 {[%clk 0:34:51]} Qf6 {[%clk 0:57:37]} 16. Be3 {[%clk
0:20:35]} Nb6 {[%clk 0:46:14]} 17. b3 {[%clk 0:16:01]} Bh3 {[%clk 0:44:16]} 18.
Re1 {[%clk 0:16:08]} Rfe8 {[%clk 0:42:52]} 19. Rc1 {[%clk 0:13:09]} Re4 {[%clk
0:25:30]} 20. Nb5 {[%clk 0:11:28]} Rxe3 {[%clk 0:19:33]} 21. fxe3 {[%clk
0:10:48]} Qe5 {[%clk 0:19:46]} 22. Bg4 {[%clk 0:08:25]} Bxg4 {[%clk 0:19:08]}
23. Qxg4 {[%clk 0:08:50]} Qc5 {[%clk 0:16:44]} 24. Qf4 {[%clk 0:06:39]} Be5
{[%clk 0:16:49]} 25. Qf3 {[%clk 0:06:40]} d5 {[%clk 0:16:31]} 26. Nd4 {[%clk
0:02:49]} dxc4 27. bxc4 {[%clk 0:01:17]} Rb8 {[%clk 0:10:55]} 28. Rf1 {[%clk
0:01:10]} f5 {[%clk 0:10:30]} 29. Nb3 {[%clk 0:00:54]} Qe7 {[%clk 0:09:39]} 30.
c5 {[%clk 0:01:01]} Nd7 {[%clk 0:10:06]} 31. Qd5+ {[%clk 0:00:58]} Kg7 {[%clk
0:10:29]} 32. Rfd1 {[%clk 0:00:42]} Nf6 {[%clk 0:10:50]} 33. Qd3 {[%clk
0:00:38]} Bc7 {[%clk 0:10:10]} 34. c6 {[%clk 0:00:47]} Rd8 {[%clk 0:10:06]} 35.
Nd4 {[%clk 0:00:42]} bxc6 {[%clk 0:08:34]} 36. Nxc6 {[%clk 0:00:37]} Rxd3
{[%clk 0:08:52]} 37. Nxe7 {[%clk 0:01:02]} Rxd1+ {[%clk 0:08:46]} 38. Rxd1
{[%clk 0:01:29]} Bb6 {[%clk 0:09:10]} 39. Rd3 {[%clk 0:01:02]} Kf7 {[%clk
0:09:08]} 40. Nd5 {[%clk 0:00:35]} Nxd5 {[%clk 0:09:13]} 41. Rxd5 {[%clk
0:00:51]} Bxe3+ {[%clk 0:09:32]} 42. Kg2 {[%clk 0:29:44]} Ke6 {[%clk 0:29:23]}
43. Rd8 {[%clk 0:26:31]} Bb6 {[%clk 0:26:45]} 44. Rh8 {[%clk 0:22:35]} h5
{[%clk 0:27:11]} 45. Kf3 {[%clk 0:21:32]} Ke5 {[%clk 0:26:43]} 46. h3 {[%clk
0:14:10]} Bc5 {[%clk 0:26:32]} 47. Rc8 {[%clk 0:09:58]} Bb6 {[%clk 0:26:45]}
48. Rc6 {[%clk 0:08:30]} g5 {[%clk 0:24:08]} 49. Rh6 {[%clk 0:07:44]} g4+
{[%clk 0:23:43]} 50. Kg2 {[%clk 0:07:02]} gxh3+ {[%clk 0:23:18]} 51. Kxh3
{[%clk 0:07:19]} Be3 {[%clk 0:21:37]} 52. Rxh5 {[%clk 0:06:47]} Ke4 {[%clk
0:22:01]} 53. Kg2 {[%clk 0:02:51]} f4 {[%clk 0:19:44]} 54. gxf4 {[%clk
0:02:04]} Kxf4 {[%clk 0:14:56]} 55. Kf1 {[%clk 0:02:07]} Ke4 {[%clk 0:14:38]}
56. Ke2 {[%clk 0:02:11]} Bb6 {[%clk 0:14:52]} 57. Kd2 {[%clk 0:01:47]} Kd4
{[%clk 0:15:09]} 58. Kc2 {[%clk 0:01:40]} Kc4 {[%clk 0:15:10]} 59. Rh4+ {[%clk
0:01:44]} Kb5 {[%clk 0:15:05]} 60. Kb3 {[%clk 0:01:53]} Ka5 {[%clk 0:13:52]}
61. Rh5+ {[%clk 0:02:02]} Ka6 {[%clk 0:14:07]} 62. Ka4 {[%clk 0:02:10]} Bc7
{[%clk 0:14:13]} 63. Rh6+ {[%clk 0:02:19]} Bb6 {[%clk 0:14:36]} 64. Rg6 {[%clk
0:02:45]} Kb7 {[%clk 0:14:42]} 65. Kb5 {[%clk 0:02:34]} Kc7 {[%clk 0:14:07]}
66. Ka6 {[%clk 0:02:34]} Kd7 {[%clk 0:14:26]} 67. Kb7 {[%clk 0:01:35]} Bf2
{[%clk 0:14:34]} 68. Rg7+ {[%clk 0:01:00]} Kd6 {[%clk 0:14:53]} 69. Rg2 {[%clk
0:00:50]} Bb6 {[%clk 0:14:58]} 70. Rc2 {[%clk 0:01:08]} Bg1 {[%clk 0:14:35]}
71. Rd2+ {[%clk 0:01:06]} Ke7 {[%clk 0:14:19]} 72. a4 {[%clk 0:00:59]} Ke6
{[%clk 0:14:27]} 73. a5 {[%clk 0:01:09]} Ke7 {[%clk 0:14:38]} 74. a6 {[%clk
0:01:26]} Ke6 {[%clk 0:14:39]} 75. Kc6 {[%clk 0:01:33]} Ke7 {[%clk 0:14:33]}
76. Rd7+ {[%clk 0:01:30]} Ke6 {[%clk 0:14:49]} 77. Rd1 {[%clk 0:01:33]} Bf2
{[%clk 0:14:30]} 78. Rd2 {[%clk 0:01:49]} Bg1 {[%clk 0:14:48]} 79. Re2+ {[%clk
0:02:13]} Kf7 {[%clk 0:14:41]} 80. Kd5 {[%clk 0:02:04]} Kf6 {[%clk 0:14:51]}
81. Re6+ {[%clk 0:02:12]} Kf5 {[%clk 0:14:12]} 82. Re1 {[%clk 0:02:20]} Bb6
{[%clk 0:14:01]} 83. Rf1+ {[%clk 0:02:43]} Kg5 {[%clk 0:13:41]} 84. Ke6 {[%clk
0:01:49]} Kg6 {[%clk 0:13:40]} 85. Rf8 {[%clk 0:02:02]} Kg5 {[%clk 0:13:44]}
86. Rf7 {[%clk 0:02:20]} Kg6 {[%clk 0:13:50]} 87. Rf1 {[%clk 0:01:32]} Kg5
{[%clk 0:14:06]} 88. Kd7 {[%clk 0:01:39]} Kg6 {[%clk 0:13:59]} 89. Kc6 {[%clk
0:02:03]} Be3 {[%clk 0:13:51]} 90. Kb7 {[%clk 0:02:12]} Bb6 {[%clk 0:13:35]}
91. Ka8 {[%clk 0:02:16]} Be3 {[%clk 0:13:46]} 92. Rb1 {[%clk 0:01:50]} Kf6
{[%clk 0:13:57]} 93. Rb7 {[%clk 0:02:13]} Ke6 {[%clk 0:14:17]} 94. Rxa7 {[%clk
0:02:33]} *

[Event "Deutsche Ländermeisterschaft 2021"]
[Site "Neumünster GER"]
[Date "2021.10.02"]
[Round "1"]
[White "Wartenberg, Alissa"]
[Black "Buchholz, Maja"]
[Result "0-1"]
[Termination "normal"]
[Board "4.6"]
[WhiteElo "1662"]
[BlackElo "1748"]
[WhiteClock "00:28:36"]
[BlackClock "01:09:45"]
[WhiteTeam "Hamburg"]
[BlackTeam "Hessen"]
[PlyCount "88"]
[WhiteFideId "16280741"]
[BlackFideId "16200500"]
[EventCountry "GER"]
[EventRounds "7"]
[EventType "team-swiss"]
[EventDate "2021.10.01"]

1. e4 {[%clk 1:30:58]} d6 {[%clk 1:30:48]} 2. d4 {[%clk 1:29:52]} Nf6 {[%clk
1:31:02]} 3. Nc3 {[%clk 1:29:31]} g6 {[%clk 1:31:21]} 4. Nf3 {[%clk 1:22:59]}
Bg7 {[%clk 1:28:36]} 5. h3 {[%clk 1:13:01]} c6 {[%clk 1:27:10]} 6. Be3 {[%clk
1:07:39]} b5 {[%clk 1:25:25]} 7. Bd3 {[%clk 1:05:25]} O-O {[%clk 1:25:18]} 8.
O-O {[%clk 1:04:19]} Nbd7 {[%clk 1:24:28]} 9. Qd2 {[%clk 0:58:04]} Re8 {[%clk
1:24:31]} 10. Rad1 {[%clk 0:55:45]} Nb6 {[%clk 1:18:31]} 11. Rfe1 {[%clk
0:50:07]} a5 {[%clk 1:10:03]} 12. a3 {[%clk 0:45:38]} Qc7 {[%clk 1:01:12]} 13.
d5 {[%clk 0:37:42]} b4 {[%clk 1:00:55]} 14. axb4 {[%clk 0:30:44]} axb4 {[%clk
1:01:18]} 15. Ne2 {[%clk 0:30:35]} c5 {[%clk 0:57:24]} 16. c3 {[%clk 0:26:13]}
c4 {[%clk 0:53:29]} 17. Bxb6 {[%clk 0:15:54]} Qxb6 {[%clk 0:53:18]} 18. Bxc4
{[%clk 0:14:42]} Nxe4 {[%clk 0:53:22]} 19. Qe3 {[%clk 0:13:53]} Qxe3 {[%clk
0:53:29]} 20. fxe3 {[%clk 0:14:12]} bxc3 {[%clk 0:53:46]} 21. Bd3 {[%clk
0:06:58]} f5 {[%clk 0:47:38]} 22. bxc3 {[%clk 0:04:30]} Nxc3 {[%clk 0:47:48]}
23. Nxc3 {[%clk 0:04:35]} Bxc3 {[%clk 0:48:12]} 24. Re2 {[%clk 0:04:57]} Ba6
{[%clk 0:44:38]} 25. Rc2 {[%clk 0:04:14]} Bf6 {[%clk 0:43:23]} 26. Bxa6 {[%clk
0:03:21]} Rxa6 {[%clk 0:43:46]} 27. Kf2 {[%clk 0:03:16]} Rea8 {[%clk 0:43:23]}
28. Rdd2 {[%clk 0:02:10]} Kf7 {[%clk 0:42:52]} 29. Nd4 {[%clk 0:01:24]} Bxd4
{[%clk 0:42:33]} 30. Rxd4 {[%clk 0:01:45]} Ra2 {[%clk 0:42:55]} 31. Rdd2 {[%clk
0:01:59]} Rxc2 {[%clk 0:43:05]} 32. Rxc2 {[%clk 0:02:25]} Ra5 {[%clk 0:43:20]}
33. Rd2 {[%clk 0:02:49]} Kf6 {[%clk 0:43:39]} 34. Rd4 {[%clk 0:00:36]} Ke5
{[%clk 0:43:54]} 35. Rh4 {[%clk 0:00:39]} h5 {[%clk 0:44:07]} 36. g4 {[%clk
0:00:31]} hxg4 {[%clk 0:43:17]} 37. hxg4 {[%clk 0:00:51]} Rxd5 {[%clk 0:43:04]}
38. g5 {[%clk 0:00:33]} Rd2+ {[%clk 0:41:44]} 39. Kf3 {[%clk 0:00:56]} Ke6
{[%clk 0:39:46]} 40. Rh7 {[%clk 0:01:09]} Ra2 {[%clk 0:38:57]} 41. Rg7 {[%clk
0:00:59]} Rh2 {[%clk 0:39:04]} 42. Rxg6+ {[%clk 0:29:56]} Kf7 {[%clk 1:09:27]}
43. Rh6 {[%clk 0:28:12]} Rxh6 {[%clk 1:09:45]} 44. gxh6 {[%clk 0:28:36]} e5 0-1

[Event "Deutsche Ländermeisterschaft 2021"]
[Site "Neumünster GER"]
[Date "2021.10.02"]
[Round "1"]
[White "Buchinger, Alexis"]
[Black "Dorendorf, Mika"]
[Result "1/2-1/2"]
[Termination "normal"]
[Board "4.7"]
[WhiteElo "1614"]
[BlackElo "1528"]
[WhiteClock "00:16:29"]
[BlackClock "00:42:41"]
[WhiteTeam "Hessen"]
[BlackTeam "Hamburg"]
[PlyCount "179"]
[WhiteFideId "16287134"]
[BlackFideId "16283066"]
[EventCountry "GER"]
[EventRounds "7"]
[EventType "team-swiss"]
[EventDate "2021.10.01"]

1. e4 {[%clk 1:30:38]} c5 {[%clk 1:30:33]} 2. Nf3 {[%clk 1:30:49]} Nc6 {[%clk
1:30:22]} 3. d4 {[%clk 1:31:11]} cxd4 {[%clk 1:30:48]} 4. Nxd4 {[%clk 1:31:35]}
Nf6 {[%clk 1:31:14]} 5. Nc3 {[%clk 1:31:58]} e5 {[%clk 1:31:36]} 6. Ndb5 {[%clk
1:32:18]} d6 {[%clk 1:30:08]} 7. Bg5 {[%clk 1:32:22]} Be7 {[%clk 1:29:28]} 8.
Bxf6 {[%clk 1:31:08]} gxf6 {[%clk 1:29:17]} 9. Nd5 {[%clk 1:29:41]} Rb8 {[%clk
1:26:54]} 10. Nbc7+ {[%clk 1:27:48]} Kf8 {[%clk 1:26:26]} 11. Qh5 {[%clk
1:26:40]} h6 {[%clk 1:24:14]} 12. Bc4 {[%clk 1:24:34]} Be6 {[%clk 1:20:03]} 13.
Nxe6+ {[%clk 1:19:07]} fxe6 {[%clk 1:20:06]} 14. Ne3 {[%clk 1:19:09]} Qd7
{[%clk 1:17:22]} 15. Qg4 {[%clk 1:14:01]} Nd8 {[%clk 1:13:53]} 16. O-O-O {[%clk
1:10:55]} h5 {[%clk 1:13:17]} 17. Qh3 {[%clk 1:09:42]} b5 {[%clk 1:11:54]} 18.
Bb3 {[%clk 1:09:11]} a5 {[%clk 1:10:33]} 19. a3 {[%clk 1:08:07]} a4 {[%clk
1:00:40]} 20. Ba2 {[%clk 1:07:14]} b4 {[%clk 0:53:32]} 21. axb4 {[%clk
1:03:07]} Rxb4 {[%clk 0:53:22]} 22. Rd3 {[%clk 1:02:30]} Rxe4 {[%clk 0:48:38]}
23. Rhd1 {[%clk 1:00:48]} f5 {[%clk 0:46:39]} 24. f3 {[%clk 0:58:00]} Rh4
{[%clk 0:46:48]} 25. Rxd6 {[%clk 0:56:50]} Qxd6 {[%clk 0:45:51]} 26. Rxd6
{[%clk 0:52:25]} Rxh3 {[%clk 0:46:13]} 27. Rxd8+ {[%clk 0:52:36]} Bxd8 {[%clk
0:46:37]} 28. gxh3 {[%clk 0:53:01]} Bg5 {[%clk 0:46:08]} 29. Kd2 {[%clk
0:53:10]} Ke7 {[%clk 0:46:19]} 30. Ke2 {[%clk 0:52:18]} Bxe3 {[%clk 0:46:08]}
31. Kxe3 {[%clk 0:52:36]} Rd8 {[%clk 0:45:41]} 32. b4 {[%clk 0:36:52]} axb3 33.
Bxb3 {[%clk 0:36:35]} f4+ {[%clk 0:42:57]} 34. Ke2 {[%clk 0:35:57]} Kf6 {[%clk
0:42:32]} 35. h4 {[%clk 0:34:48]} Rd6 {[%clk 0:42:38]} 36. Bc4 {[%clk 0:33:50]}
Ke7 {[%clk 0:40:30]} 37. Bd3 {[%clk 0:33:50]} Rd8 {[%clk 0:39:56]} 38. Be4
{[%clk 0:29:44]} Rg8 {[%clk 0:39:53]} 39. Kf2 {[%clk 0:27:22]} Kd6 {[%clk
0:40:02]} 40. Bh7 {[%clk 0:24:17]} Rg7 {[%clk 0:40:14]} 41. Be4 {[%clk
0:24:30]} Kc5 {[%clk 0:40:17]} 42. Bd3 {[%clk 0:24:22]} Kd4 {[%clk 0:40:18]}
43. Be4 {[%clk 0:22:47]} Kc3 {[%clk 0:40:18]} 44. Bd3 {[%clk 0:21:01]} Rg8
{[%clk 0:40:14]} 45. Bh7 {[%clk 0:20:08]} Rg7 {[%clk 0:39:36]} 46. Bd3 {[%clk
0:20:29]} Kd2 {[%clk 0:40:04]} 47. Be4 {[%clk 0:20:13]} Rc7 {[%clk 0:39:27]}
48. Bg6 {[%clk 0:20:10]} Rxc2 {[%clk 0:39:13]} 49. Bxh5 {[%clk 0:20:23]} Kd3+
{[%clk 0:39:10]} 50. Kg1 {[%clk 0:19:36]} Kd4 {[%clk 0:38:05]} 51. Bg6 {[%clk
0:19:30]} Rb2 {[%clk 0:37:34]} 52. h5 {[%clk 0:19:32]} Kc5 {[%clk 0:36:33]} 53.
h6 {[%clk 0:19:44]} Rb8 {[%clk 0:36:49]} 54. h7 {[%clk 0:19:47]} Rh8 {[%clk
0:36:59]} 55. Kg2 {[%clk 0:19:30]} Kd6 {[%clk 0:37:23]} 56. h4 {[%clk 0:19:18]}
Ke7 {[%clk 0:37:42]} 57. Kh3 {[%clk 0:19:35]} Kf6 {[%clk 0:38:02]} 58. Be4
{[%clk 0:16:43]} Kg7 {[%clk 0:37:40]} 59. Kg4 {[%clk 0:16:24]} Rxh7 {[%clk
0:36:54]} 60. Bxh7 {[%clk 0:12:22]} Kxh7 {[%clk 0:37:14]} 61. Kg5 {[%clk
0:10:22]} Kg7 {[%clk 0:37:29]} 62. Kg4 {[%clk 0:10:15]} Kh6 {[%clk 0:37:19]}
63. h5 {[%clk 0:10:31]} Kg7 {[%clk 0:37:20]} 64. Kg5 {[%clk 0:10:32]} Kh7
{[%clk 0:37:42]} 65. Kg4 {[%clk 0:10:40]} Kg8 {[%clk 0:37:42]} 66. h6 {[%clk
0:08:51]} Kh7 {[%clk 0:37:50]} 67. Kg5 {[%clk 0:09:10]} Kg8 {[%clk 0:37:48]}
68. Kg4 {[%clk 0:09:21]} Kh8 {[%clk 0:37:36]} 69. Kh4 {[%clk 0:09:42]} Kg8
{[%clk 0:37:26]} 70. Kg4 {[%clk 0:09:57]} Kf7 {[%clk 0:36:39]} 71. Kg5 {[%clk
0:09:49]} Kg8 {[%clk 0:36:57]} 72. Kg4 {[%clk 0:09:40]} Kh7 {[%clk 0:37:25]}
73. Kg5 {[%clk 0:10:01]} e4 {[%clk 0:37:35]} 74. Kxf4 {[%clk 0:10:25]} exf3
{[%clk 0:37:59]} 75. Kxf3 {[%clk 0:10:48]} Kxh6 {[%clk 0:38:24]} 76. Kf4 {[%clk
0:11:07]} Kg6 {[%clk 0:38:50]} 77. Ke5 {[%clk 0:11:30]} Kf7 {[%clk 0:39:15]}
78. Ke4 {[%clk 0:11:49]} Kf6 {[%clk 0:39:36]} 79. Kf4 {[%clk 0:12:14]} e5+
{[%clk 0:40:01]} 80. Ke4 {[%clk 0:12:40]} Ke6 {[%clk 0:40:23]} 81. Ke3 {[%clk
0:13:06]} Kd5 {[%clk 0:40:37]} 82. Kd3 {[%clk 0:13:28]} e4+ {[%clk 0:41:00]}
83. Ke3 {[%clk 0:13:55]} Ke5 {[%clk 0:41:21]} 84. Ke2 {[%clk 0:14:21]} Kd4
{[%clk 0:41:48]} 85. Kd2 {[%clk 0:14:46]} Ke5 {[%clk 0:41:38]} 86. Ke3 {[%clk
0:15:03]} Kf5 {[%clk 0:42:04]} 87. Ke2 {[%clk 0:15:28]} Kf4 {[%clk 0:42:26]}
88. Kf2 {[%clk 0:15:55]} Kf5 {[%clk 0:42:14]} 89. Ke3 {[%clk 0:16:16]} Ke5
{[%clk 0:42:41]} 90. Ke2 {[%clk 0:16:29]} 1/2-1/2

[Event "Deutsche Ländermeisterschaft 2021"]
[Site "Neumünster GER"]
[Date "2021.10.02"]
[Round "1"]
[White "Stas, Antonia"]
[Black "Neininger, Sarah"]
[Result "0-1"]
[Termination "normal"]
[Board "4.8"]
[WhiteElo "1294"]
[BlackElo "1412"]
[WhiteClock "00:30:04"]
[BlackClock "00:56:00"]
[WhiteTeam "Hamburg"]
[BlackTeam "Hessen"]
[PlyCount "88"]
[WhiteFideId "16217403"]
[BlackFideId "16287410"]
[EventCountry "GER"]
[EventRounds "7"]
[EventType "team-swiss"]
[EventDate "2021.10.01"]

1. e4 {[%clk 1:30:56]} c5 {[%clk 1:30:51]} 2. Nf3 {[%clk 1:31:02]} Nc6 {[%clk
1:31:10]} 3. Bc4 {[%clk 1:31:11]} e6 {[%clk 1:28:22]} 4. Nc3 {[%clk 1:30:01]}
Nf6 {[%clk 1:25:30]} 5. d3 {[%clk 1:29:51]} d5 {[%clk 1:24:15]} 6. exd5 {[%clk
1:24:06]} exd5 {[%clk 1:23:26]} 7. Bb3 {[%clk 1:23:26]} h6 {[%clk 1:21:39]} 8.
O-O {[%clk 1:20:42]} Be7 {[%clk 1:19:46]} 9. Bf4 {[%clk 1:17:09]} O-O {[%clk
1:16:40]} 10. Qd2 {[%clk 1:09:51]} Be6 {[%clk 1:12:59]} 11. Nb5 {[%clk
1:04:45]} Rc8 {[%clk 1:10:20]} 12. Rad1 {[%clk 1:00:56]} a6 {[%clk 1:09:14]}
13. Na3 {[%clk 1:00:02]} Bd6 {[%clk 1:03:15]} 14. c4 {[%clk 0:59:09]} d4 {[%clk
1:02:38]} 15. Rde1 {[%clk 0:54:35]} Bxf4 {[%clk 1:01:53]} 16. Qxf4 {[%clk
0:54:52]} Qc7 {[%clk 1:01:35]} 17. Qg3 {[%clk 0:52:10]} Qxg3 {[%clk 1:01:19]}
18. fxg3 {[%clk 0:52:32]} Bf5 {[%clk 0:57:54]} 19. Bc2 {[%clk 0:51:14]} Bh7
{[%clk 0:56:21]} 20. Nb1 {[%clk 0:45:05]} Nb4 {[%clk 0:56:02]} 21. Ba4 {[%clk
0:44:23]} Bxd3 {[%clk 0:55:01]} 22. Rf2 {[%clk 0:44:31]} Nxa2 {[%clk 0:54:54]}
23. b3 {[%clk 0:43:53]} Nb4 {[%clk 0:54:45]} 24. Rd1 {[%clk 0:43:20]} Ne4
{[%clk 0:54:15]} 25. Rb2 {[%clk 0:42:30]} Nc3 {[%clk 0:54:00]} 26. Nxc3 {[%clk
0:37:43]} dxc3 {[%clk 0:54:22]} 27. Rf2 {[%clk 0:37:55]} c2 {[%clk 0:54:24]}
28. Ra1 {[%clk 0:34:51]} b5 {[%clk 0:54:12]} 29. cxb5 {[%clk 0:34:52]} axb5
{[%clk 0:54:33]} 30. Bxb5 {[%clk 0:35:11]} Bxb5 {[%clk 0:54:50]} 31. Ne1 {[%clk
0:34:47]} c4 {[%clk 0:54:29]} 32. Nxc2 {[%clk 0:34:09]} Nxc2 {[%clk 0:54:50]}
33. Rxc2 {[%clk 0:33:24]} cxb3 {[%clk 0:55:07]} 34. Rxc8 {[%clk 0:31:05]} Rxc8
{[%clk 0:55:31]} 35. Kf2 {[%clk 0:31:22]} Bd3 {[%clk 0:55:14]} 36. Rd1 {[%clk
0:29:57]} b2 {[%clk 0:55:20]} 37. Rxd3 {[%clk 0:30:04]} b1=Q {[%clk 0:55:37]}
38. Re3 {[%clk 0:30:01]} Qf5+ {[%clk 0:55:31]} 39. Rf3 {[%clk 0:29:30]} Rc2+
{[%clk 0:55:32]} 40. Ke3 {[%clk 0:29:35]} Qe5+ {[%clk 0:55:37]} 41. Kd3 {[%clk
0:29:48]} Rc3+ {[%clk 0:55:54]} 42. Kd2 {[%clk 0:30:01]} Qd4+ {[%clk 0:55:46]}
43. Ke1 {[%clk 0:30:02]} Rc2 {[%clk 0:56:00]} 44. Kf1 {[%clk 0:30:04]} Qa1# 0-1

[Event "Deutsche Ländermeisterschaft 2021"]
[Site "Neumünster GER"]
[Date "2021.10.02"]
[Round "1"]
[White "Weishäutel, Moritz"]
[Black "Muckle, Julius"]
[Result "1-0"]
[Termination "normal"]
[Board "5.1"]
[BlackTitle "FM"]
[WhiteElo "2248"]
[BlackElo "2414"]
[WhiteClock "01:04:25"]
[BlackClock "00:01:14"]
[WhiteTeam "Thüringen"]
[BlackTeam "Rheinland-Pfalz"]
[PlyCount "71"]
[WhiteFideId "12967300"]
[BlackFideId "12942430"]
[EventCountry "GER"]
[EventRounds "7"]
[EventType "team-swiss"]
[EventDate "2021.10.01"]

1. d4 {[%clk 1:30:56]} d5 {[%clk 1:30:59]} 2. c4 {[%clk 1:31:19]} c6 {[%clk
1:29:54]} 3. Nc3 {[%clk 1:31:44]} Nf6 {[%clk 1:30:14]} 4. Nf3 {[%clk 1:32:10]}
e6 {[%clk 1:30:34]} 5. Bg5 {[%clk 1:32:36]} h6 {[%clk 1:30:55]} 6. Bh4 {[%clk
1:32:56]} dxc4 {[%clk 1:28:32]} 7. e4 {[%clk 1:33:13]} b5 {[%clk 1:26:41]} 8.
e5 {[%clk 1:33:28]} g5 {[%clk 1:27:10]} 9. Nxg5 {[%clk 1:33:50]} hxg5 {[%clk
1:27:37]} 10. Bxg5 {[%clk 1:34:17]} Nbd7 {[%clk 1:27:09]} 11. g3 {[%clk
1:34:35]} Qb6 {[%clk 1:08:28]} 12. exf6 {[%clk 1:34:58]} Bb7 {[%clk 1:08:41]}
13. Bg2 {[%clk 1:35:25]} O-O-O {[%clk 1:02:38]} 14. O-O {[%clk 1:35:05]} Ne5
{[%clk 0:34:38]} 15. dxe5 {[%clk 1:34:49]} Rxd1 {[%clk 0:32:13]} 16. Raxd1
{[%clk 1:35:15]} b4 {[%clk 0:18:29]} 17. Ne4 {[%clk 1:35:29]} Qa5 {[%clk
0:18:58]} 18. Bf4 {[%clk 1:31:17]} c5 {[%clk 0:14:26]} 19. Ng5 {[%clk 1:23:37]}
Bxg2 {[%clk 0:06:57]} 20. Kxg2 {[%clk 1:24:02]} Qc7 {[%clk 0:07:05]} 21. Rc1
{[%clk 1:21:16]} Bh6 {[%clk 0:06:38]} 22. Rxc4 {[%clk 1:18:15]} Bxg5 {[%clk
0:07:07]} 23. Bxg5 {[%clk 1:18:39]} Rd8 {[%clk 0:06:43]} 24. Rfc1 {[%clk
1:15:57]} Rd5 {[%clk 0:07:12]} 25. Bf4 {[%clk 1:13:57]} Kb7 26. Rxb4+ {[%clk
1:08:40]} cxb4 {[%clk 0:05:46]} 27. Rxc7+ {[%clk 1:09:07]} Kxc7 {[%clk
0:06:11]} 28. h4 {[%clk 1:09:23]} Rd8 {[%clk 0:04:17]} 29. h5 {[%clk 1:09:13]}
Rh8 {[%clk 0:03:15]} 30. g4 {[%clk 1:08:50]} Kd7 {[%clk 0:03:25]} 31. Be3
{[%clk 1:07:48]} a5 {[%clk 0:02:13]} 32. h6 {[%clk 1:07:07]} Ke8 {[%clk
0:02:23]} 33. g5 {[%clk 1:06:15]} Kf8 {[%clk 0:02:14]} 34. f4 {[%clk 1:04:21]}
Kg8 {[%clk 0:02:32]} 35. f5 {[%clk 1:04:13]} exf5 {[%clk 0:01:14]} 36. g6
{[%clk 1:04:25]} 1-0